00952 a2200193 45000010006000000050017000060080041000230030015000640400040000790800022001192450044001410200022001852640036002073000019002435050369002620410008006311000020006398560099006596037920260407155854.0260407a2019 arg spa dAR-UNSa-BCEJYS aAR-UNSa-BCEJYSbspacAR-UNSa-BCEJYS a657xContabilidad10aIntroducción al conocimiento contable a978-987-749-113-5 1aSanta Fe :bEdiciones UNLc2019 a206 p.c25 cm. a1. Contabilidad e información contable - 2. Variaciones patrimoniales – 3. Criterios de imputación de variaciones patrimoniales a los distintos ejercicios económicos – 4. Fuentes de la información contable – 5. Las registraciones contables – 6. Secuencias para la registración de operaciones básicas – 7. Culminación del proceso contable -  aspa1 aDi Russo, Leila41uhttps://www.biblioeco.unsa.edu.ar/pmb/images/libros/L129134.jpgyImagen de portadaqimage/jpeg